000 00606 a2200181 4500
020 _a0486435210
020 _a9780486435213
082 0 4 _a515.5
090 _c332
_d332
100 1 _aBell, W. W.
245 1 0 _aSpecial functions for scientists and engineers /
_cW. W. Bell.
260 _a[S.l.] :
_bDover Publications,
_c2007.
300 _a272 p. ;
_c22 cm.
490 1 _aDover books on mathematics.
830 0 _aDover books on mathematics.
942 _aSNS
_cBK
_k515.5 BEL
999 _c28967
_d28967